MyGZULibrary

African gifts of the spirit : (Record no. 6906)

MARC details
000 -LEADER
fixed length control field 01856cam a2200457 a 4500
001 - CONTROL NUMBER
control field 14786301
003 - CONTROL NUMBER IDENTIFIER
control field GZU
005 - DATE AND TIME OF LATEST TRANSACTION
control field 20210503145311.0
008 - FIXED-LENGTH DATA ELEMENTS--GENERAL INFORMATION
fixed length control field 070327s2006 enkab b 001 0 eng d
010 ## - LIBRARY OF CONGRESS CONTROL NUMBER
LC control number 2007295917
015 ## - NATIONAL BIBLIOGRAPHY NUMBER
National bibliography number GBA657607
Source bnb
016 7# - NATIONAL BIBLIOGRAPHIC AGENCY CONTROL NUMBER
Record control number 013499962
Source Uk
020 ## - INTERNATIONAL STANDARD BOOK NUMBER
International Standard Book Number 0852559658 (James Curry cloth)
020 ## - INTERNATIONAL STANDARD BOOK NUMBER
International Standard Book Number 9780852559659 (James Curry cloth)
020 ## - INTERNATIONAL STANDARD BOOK NUMBER
International Standard Book Number 0852559666 (James Curry paper)
020 ## - INTERNATIONAL STANDARD BOOK NUMBER
International Standard Book Number 9780852559666 (James Curry paper)
020 ## - INTERNATIONAL STANDARD BOOK NUMBER
International Standard Book Number 0821417371 (Ohio cloth)
020 ## - INTERNATIONAL STANDARD BOOK NUMBER
International Standard Book Number 9780821417379 (Ohio cloth)
020 ## - INTERNATIONAL STANDARD BOOK NUMBER
International Standard Book Number 082141738X (Ohio paper)
020 ## - INTERNATIONAL STANDARD BOOK NUMBER
International Standard Book Number 9780821417386 (Ohio paper)
020 ## - INTERNATIONAL STANDARD BOOK NUMBER
International Standard Book Number 1779220529 (Weaver paper)
020 ## - INTERNATIONAL STANDARD BOOK NUMBER
International Standard Book Number 9781779220523 (Weaver paper)
035 ## - SYSTEM CONTROL NUMBER
System control number (OCoLC)ocm70230242
035 ## - SYSTEM CONTROL NUMBER
System control number (OCoLC)70230242
040 ## - CATALOGING SOURCE
Original cataloging agency UKM
Transcribing agency UKM
Modifying agency BWKUK
-- YDXCP
-- BAKER
-- DLC
042 ## - AUTHENTICATION CODE
Authentication code lccopycat
043 ## - GEOGRAPHIC AREA CODE
Geographic area code f------
050 00 - LIBRARY OF CONGRESS CALL NUMBER
Classification number BX8765.5.A45
Item number MAX 2006
100 1# - MAIN ENTRY--PERSONAL NAME
Personal name Maxwell, David,
Dates associated with a name 1963-
Relator term author
245 10 - TITLE STATEMENT
Title African gifts of the spirit :
Remainder of title Pentecostalism & the rise of a Zimbabwean transnational religious movement /
Statement of responsibility, etc. David Maxwell.
260 ## - PUBLICATION, DISTRIBUTION, ETC.
Place of publication, distribution, etc. Oxford :
Name of publisher, distributor, etc. James Currey ;
Place of publication, distribution, etc. Harare, Zimbabwe :
Name of publisher, distributor, etc. Weaver Press ;
Place of publication, distribution, etc. Athens, Ohio :
-- Ohio University Press,
Date of publication, distribution, etc. 2006.
300 ## - PHYSICAL DESCRIPTION
Extent xv, 250 p. :
Other physical details ill. maps ;
Dimensions 24 cm.
504 ## - BIBLIOGRAPHY, ETC. NOTE
Bibliography, etc. note Includes bibliographical references (p. 227-243) and index.
610 20 - SUBJECT ADDED ENTRY--CORPORATE NAME
Corporate name or jurisdiction name as entry element Assemblies of God
Geographic subdivision Africa.
650 #0 - SUBJECT ADDED ENTRY--TOPICAL TERM
Topical term or geographic name entry element Pentecostal churches
Geographic subdivision Zimbabwe
General subdivision History.
856 42 - ELECTRONIC LOCATION AND ACCESS
Materials specified Contributor biographical information
Uniform Resource Identifier <a href="http://www.loc.gov/catdir/enhancements/fy0710/2007295917-b.html">http://www.loc.gov/catdir/enhancements/fy0710/2007295917-b.html</a>
856 42 - ELECTRONIC LOCATION AND ACCESS
Materials specified Publisher description
Uniform Resource Identifier <a href="http://www.loc.gov/catdir/enhancements/fy0710/2007295917-d.html">http://www.loc.gov/catdir/enhancements/fy0710/2007295917-d.html</a>
906 ## - LOCAL DATA ELEMENT F, LDF (RLIN)
a 7
b cbc
c copycat
d 2
e ncip
f 20
g y-gencatlg
942 ## - ADDED ENTRY ELEMENTS (KOHA)
Source of classification or shelving scheme Library of Congress Classification
Koha item type Books
Classification part 8765.5.A45
Item part MAX
Call number prefix BX
Holdings
Withdrawn status Lost status Source of classification or shelving scheme Damaged status Not for loan Collection code Home library Current library Shelving location Date acquired Inventory number Total Checkouts Full call number Barcode Date last seen Copy number Price effective from Koha item type Source of acquisition
    Library of Congress Classification     Non-fiction Mashava Campus Library Mashava Campus Library General Stacks 05/06/2021 8750   BX8765.5.A45 MAX 2006 B016352 05/03/2021 c.2 05/03/2021 Books  
          Non-fiction Mashava Campus Library Mashava Campus Library General Stacks 05/03/2021 8749   BX8765. 5.A45 MAX 2006 B016348 05/05/2021 c.1 05/05/2021 Books Purchase